Statistics for Arsenal Premier League Players

Click here to take the quiz!

General Stats

  • This quiz has been taken 212 times
  • The average score is 72 of 203

Answer Stats

The Gunners% Correct
Thierry Henry
99%
Alexandre Lacazette
89%
Pierre-Emerick Aubameyang
88%
Mesut Özil
85%
Patrick Vieira
81%
Dennis Bergkamp
80%
Ashley Cole
79%
Robin van Persie
79%
David Luiz
78%
Sol Campbell
77%
Héctor Bellerín
76%
Alexis Sánchez
76%
Kevin Campbell
76%
Joel Campbell
75%
Petr Čech
74%
Robert Pirés
74%
Bernd Leno
74%
Cesc Fàbregas
73%
Jens Lehmann
73%
Shkodran Mustafi
72%
David Seaman
70%
Theo Walcott
69%
Freddie Ljungberg
69%
Granit Xhaka
68%
Ian Wright
68%
Sokratis Papastathopoulos
68%
Laurent Koscielny
67%
Olivier Giroud
65%
Richard Wright
65%
Aaron Ramsey
64%
Per Mertesacker
64%
Kolo Touré
63%
Alan Smith
63%
Nicolas Pépé
63%
Tony Adams
61%
Andrey Arshavin
61%
Gaël Clichy
61%
Nacho Monreal
60%
Alex Oxlade-Chamberlain
60%
Bacary Sagna
59%
Rob Holding
59%
Santi Cazorla
59%
Ainsley Maitland-Niles
58%
Tomáš Rosický
57%
Gabriel Martinelli
57%
William Gallas
57%
Gilberto Silva
57%
Jack Wilshere
57%
Calum Chambers
57%
Mattéo Guendouzi
56%
Emiliano Martínez
56%
Marc Overmars
56%
Nicolas Anelka
56%
Sead Kolašinac
55%
Bukayo Saka
55%
Lucas Torreira
55%
Mikel Arteta
54%
Samir Nasri
54%
Emmanuel Adebayor
54%
Danny Welbeck
54%
Ray Parlour
53%
Kieran Tierney
53%
Alex Iwobi
51%
Wojciech Szczęsny
51%
Sylvain Wiltord
51%
Manuel Almunia
50%
Nicklas Bendtner
50%
Martin Keown
50%
Edu
50%
Dani Ceballos
49%
Emmanuel Petit
49%
Lukas Podolski
49%
Aliaksandr Hleb
48%
Łukasz Fabiański
47%
Alex Song
47%
Lee Dixon
46%
Reiss Nelson
46%
Henrikh Mkhitaryan
45%
Kieran Gibbs
45%
Lauren
44%
Marouane Chamakh
44%
Joe Willock
44%
Abou Diaby
42%
Nigel Winterburn
42%
Nwankwo Kanu
41%
David Ospina
41%
Mohamed Elneny
40%
Eddie Nketiah
39%
Thomas Vermaelen
39%
José Antonio Reyes
38%
Mathieu Flamini
38%
Paul Merson
36%
Emmanuel Eboué
36%
Francis Coquelin
34%
Philippe Senderos
34%
Kerrea Gilbert
34%
Carl Jenkinson
33%
Johan Djourou
33%
Eduardo
33%
Steve Bould
32%
Chu-young Park
31%
Serge Gnabry
30%
Mikaël Silvestre
30%
Yossi Benayoun
30%
Denilson
30%
Konstantinos Mavropanos
29%
Vito Mannone
28%
Gervinho
27%
Mathieu Debuchy
27%
Sébastien Squillaci
26%
Pascal Cygan
26%
Yaya Sanogo
25%
Giovanni van Bronckhorst
25%
Gabriel Paulista
23%
Kim Källström
23%
Sebastian Larsson
23%
Jérémie Aliadiére
23%
Francis Jeffers
23%
Lassana Diarra
23%
Stephan Lichtsteiner
22%
Carlos Vela
22%
Gilles Grimandi
22%
Oleh Luzhny
21%
Emmanuel Frimpong
21%
Denis Suárez
21%
Paul Davis
21%
Christopher Wreh
20%
David Bentley
20%
John Jensen
20%
John Hartson
19%
André Santos
19%
Sylvinho
19%
John Lukic
18%
Alexander Manninger
17%
Steve Morrow
17%
Justin Hoyte
16%
Rémi Garde
16%
Júlio Baptista
16%
Gavin Hoyte
16%
Stuart Taylor
16%
Mart Poom
16%
Lucas Pérez
16%
Davor Šuker
16%
Jermaine Pennant
15%
David Platt
15%
Armand Traoré
15%
Stephen Hughes
15%
Alan Miller
14%
Eddie McGoldrick
13%
Igors Stepanovs
13%
Kaba Diawara
13%
Andrew Linighan
13%
Luis Boa Morte
13%
David O'Leary
13%
Anders Limpar
11%
Tommy Black
10%
Jimmy Carter
10%
Arturo Lupoli
10%
Perry Groves
10%
Matthew Upson
10%
Nelson Vivas
10%
Julian Gray
9%
Paul Dickov
9%
Paul Shaw
9%
Ryo Miyaichi
9%
Glenn Helder
9%
Chris Kiwomya
9%
David Hillier
9%
Ignasi Miquel
8%
Colin Pates
8%
Pål Lydersen
8%
Matthew Rose
8%
Chuba Akpom
8%
Stathis Tavlaridis
7%
Jay Emmanuel-Thomas
7%
Nico Yennaris
7%
Amaury Bischoff
7%
Henri Lansbury
7%
Brian McGovern
7%
Rami Shaaban
7%
Ian Selley
7%
Stefan Schwarz
7%
Fabián Caballero
7%
Mark Randall
7%
Gavin McGowan
6%
Fran Mérida
6%
Tomas Danilevičius
6%
Quincy Owusu-Abeyie
6%
Scott Marshall
6%
Ryan Garry
6%
Adrian Clarke
6%
Neil Heaney
6%
Mark Flatts
5%
Craig Eastmond
5%
Vince Bartram
5%
Graham Barrett
5%
David Grondin
5%
Lee Harper
4%
Alberto Méndez
4%
Stefan Malz
4%
Paolo Vernazza
3%
Isaiah Rankin
3%
Rhys Weston
3%

Score Distribution

Percentile by Number Answered

Percent of People with Each Score

Your Score History

You have not taken this quiz